Рост и морфология кристаллов: учебное пособие

Dades bibliogràfiques
Autor principal: Козлова О. Г. Ольга Герасимовна
Altres autors: Белов Н. В. (редактор)
Idioma:rus
Publicat: Москва, Изд-во Московского ун-та, 1972
Edició:2-е изд., перераб. и доп.
Matèries:
Format: MixedMaterials Llibre
KOHA link:https://koha.lib.tpu.ru/cgi-bin/koha/opac-detail.pl?biblionumber=152646

MARC

LEADER 00000nam0a2200000 4500
001 152646
005 20231101221632.0
035 |a (RuTPU)RU\TPU\book\165503 
090 |a 152646 
100 |a 20090203d1972 m y0rusy50 ca 
101 0 |a rus 
102 |a RU 
105 |a a z 001zy 
200 1 |a Рост и морфология кристаллов  |e учебное пособие  |f О. Г. Козлова 
205 |a 2-е изд., перераб. и доп. 
210 |a Москва  |c Изд-во Московского ун-та  |d 1972 
215 |a 304 с.  |c ил. 
320 |a Библиогр.: с. 293-300. 
606 1 |a Кристаллы  |x Рост  |2 stltpush  |3 (RuTPU)RU\TPU\subj\16370  |9 42452 
606 1 |a Кристаллы  |x Морфология  |2 stltpush  |3 (RuTPU)RU\TPU\subj\80325  |9 88050 
610 1 |a рост 
610 1 |a морфология 
610 1 |a кристаллизация 
610 1 |a дефекты 
610 1 |a практика выращивания 
610 1 |a учебные пособия 
675 |a 548.52(075.8)  |v 3 
675 |a 548.54(075.8)  |v 3 
700 1 |a Козлова  |b О. Г.  |g Ольга Герасимовна 
702 1 |a Белов  |b Н. В.  |4 340 
801 1 |a RU  |b 63413507  |c 20090203  |g PSBO 
801 2 |a RU  |b 63413507  |c 20200821  |g RCR 
942 |c BK